书目信息 |
| 题名: |
文化研究精粹读本
|
|
| 作者: | 陶东风 主编 ;史密斯 , Smith , 格罗斯伯格 , Grossberg , 韦布 , Webb 著 | |
| 分册: | ||
| 出版信息: | 北京 中国人民大学出版社 2006 |
|
| 页数: | 34,421页 | |
| 开本: | 24cm | |
| 丛书名: | 朗朗书房 | |
| 单 册: | ||
| 中图分类: | G0-53 | |
| 科图分类: | ||
| 主题词: | 文化--研究--文集 | |
| 电子资源: | ||
| ISBN: | 7-300-07050-7 | |
| 000 | 01612nam0 2200445 450 | |
| 000 | 01575nam0 2200433 450 | |
| 000 | 01552nam0 2200433 450 | |
| 000 | 01517nam0 2200421 450 | |
| 000 | 01480nam0 2200409 450 | |
| 000 | 01444nam0 2200397 450 | |
| 000 | 01444nam0 2200385 450 | |
| 000 | 01407nam0 2200373 45 | |
| 001 | 1153223401 | |
| 005 | 20111005144956.70 | |
| 009 | 012004021319 | |
| 010 | @a7-300-07050-7@dCNY39.80 | |
| 100 | @a20060829d2006 em y0chiy0110 ea | |
| 101 | 1 | @achi@ceng |
| 102 | @aCN@b110000 | |
| 105 | @ay z 000yy | |
| 200 | 1 | @a文化研究精粹读本@Awen hua yan jiu jing cui du ben@f陶东风主编@g[英]保罗·史密斯(Paul Smith)等著 |
| 210 | @a北京@c中国人民大学出版社@d2006 | |
| 215 | @a34,421页@d24cm | |
| 225 | 2 | @a朗朗书房@i方向标读本文丛 |
| 330 | @a本书遴选了国际文化研究领域一些具有坐标性地位的学术论文,努力厘清文化研究产生发展的历史过程,尝试进一步解释“什么是文化研究”的问题,同时呈现文化研究领域最近的研究成果。 | |
| 462 | 0 | @12001 @a方向标读本文丛 |
| 510 | 1 | @aCultural Studies@eAn Essential Reader@zeng |
| 606 | 0 | @a文化@x研究@x文集 |
| 690 | @aG0-53@v4 | |
| 701 | 0 | @a陶东风@Atao dong feng@4主编 |
| 702 | 1 | @c(英)@a史密斯@Ashi mi si@bP.@4著 |
| 702 | 1 | @c(英)@aSmith@bPaul@4著 |
| 702 | 1 | @c(英)@a格罗斯伯格@Age luo si bo ge@bL.@4著 |
| 702 | 1 | @c(英)@aGrossberg@bLawrence@4著 |
| 702 | 1 | @c(英)@a韦布@Awei bu@bJ.@4著 |
| 702 | 1 | @c(英)@aWebb@bJen@4著 |
| 801 | 0 | @aCN@b中图数据@c20060829 |
| 905 | @a10447@dG0-53@eJY75 | |
| 文化研究精粹读本/陶东风主编/[英]保罗·史密斯(Paul Smith)等著.-北京:中国人民大学出版社,2006 |
| 34,421页;24cm.-(朗朗书房.方向标读本文丛) |
| ISBN 7-300-07050-7:CNY39.80 |
| 本书遴选了国际文化研究领域一些具有坐标性地位的学术论文,努力厘清文化研究产生发展的历史过程,尝试进一步解释“什么是文化研究”的问题,同时呈现文化研究领域最近的研究成果。 |
| ● |
| 相关链接 |
|
|
|
|
正题名:文化研究精粹读本
索取号:G0-53/JY75
 
预约/预借
| 序号 | 登录号 | 条形码 | 馆藏地/架位号 | 状态 | 备注 |
| 1 | 7814529 | 278145295 | 学院路分馆/ [索取号:G0-53/JY75] | 在馆 | |
| 2 | 7814530 | 278145302 | 学院路分馆/ [索取号:G0-53/JY75] | 在馆 |